000 00830nam a2200301Ia 4500
001 79889
003 IT-RoPAU
008 130308s9999 xx 000 0 und d
040 _aIT-RoPAU
040 _cIT-RoPAU
041 _aFRANCESE
100 _aMazzolini-Lefebvre Anne
100 _gCodice Aut. SPICS: 28999
245 _aNorme et registre en phonologie
245 _bLinguistique Fonctionnelle-Debats et Perspectives
250 _a1a ed.
260 _aPARIS
260 _bPresses Universitaires France
260 _c1979 [1° Ed.:1979 - Ed.Ling.Originale:1979]
300 _a"12 p. (prefazione: no ; testo: 12 [pagine: 95-106])"
500 _aNorma e registro in Fonologia
650 _aLINGUISTICA
650 _eCodice materia Spics: 3201
942 _cBK
957 _71
999 _c39422
_d39422
999 _bSI
999 _g1